Apocalypse Games, Movies, and Shows - Statistics

General Stats
  • This quiz has been taken 28 times
  • The average score is 5 of 9
Answer Stats
Picture Answer % Correct
The Last of Us
84%
Terminator
80%
The Walking Dead
80%
Plants Vs Zombies
60%
World War Z
60%
Fallout
56%
Edge of Tomorrow
40%
A Quiet Place
28%
Tomorrow War
28%
No matching quizzes found
Score Distribution
Percent of People with Each Score
Percentile by Number Answered
Your Score History
You have not taken this quiz